000 00300nam a2200133Ia 4500
005 20251222155101.0
008 251222s9999||||xx |||||||||||||| ||spa||
082 _a150/S67
100 _aSonnenfeld, Alfred
245 0 _aEducar para Madurar:
250 _a2da. ed.
264 _bKlose
942 _cLIB
999 _c37677
_d37677